জাপানী-বাংলা প্রয়োগ অভিধান /
日本語-ベンガル語アプリケーション辞書
| Autor Corporativo: | |
|---|---|
| Outros Autores: | , , , , , , , , , |
| Formato: | Livro |
| Idioma: | English Japanese Bengali |
| Publicado em: |
ঢাকা :
সাহিত্য প্রকাশ,
c১৯৮৮ [সপ্তম মুদ্রণ ২০২৩].
|
| Edição: | First edition. |
| Assuntos: | |
| Classic Catalogue: | View this record in Classic Catalogue |
| LEADER | 03741nam a22004817a 4500 | ||
|---|---|---|---|
| 001 | 44774 | ||
| 003 | BD-DhAAL | ||
| 005 | 20250922104724.0 | ||
| 008 | 250914r20231988bg ||||| |||| 00| 0 eng d | ||
| 020 | |a 9847012403884 | ||
| 040 | |a BD-DhAAL |c BD-DhAAL | ||
| 041 | |a jpn |a ben | ||
| 082 | |a 495.6395492 |2 23 | ||
| 110 | |a Japan Foundation, |e compiler. |9 59312 | ||
| 245 | |6 880-02 |a জাপানী-বাংলা প্রয়োগ অভিধান / |c জাপান ফাউন্ডেশন সঙ্কলিত ; তাকাইউকি মোচিজুকি এবং অন্যান্য কর্তৃক সম্পাদিত ; মালিহা বানু হায়দার কর্তৃক অনূদিত. | ||
| 246 | |a Nihongo - Bengaru-go apurikēshon jisho | ||
| 250 | |a First edition. | ||
| 260 | |a ঢাকা : |b সাহিত্য প্রকাশ, |c c১৯৮৮ [সপ্তম মুদ্রণ ২০২৩]. | ||
| 300 | |a xxii, ৯৫২ পৃষ্ঠা ; |c ১৯ সে.মি. | ||
| 526 | |a CSE |x Annajiat Alim Rasel Senior Lecturer Department of Computer Science and Engineering BRAC University Course Name : Japanese Language and General for ITEE (JPN 101) | ||
| 541 | |a Hye Trade International |e 44774, 44775, 44776, 44777 | ||
| 546 | |a In Japanese and Bengali. | ||
| 650 | |a Japanese language |v Dictionaries |x Bengali. |9 59323 | ||
| 650 | |a Japanese language. | ||
| 700 | |a Mochizuki, Takayuki, |e editor. |9 59313 | ||
| 700 | |a Kumazawa, Seiji, |e editor. |9 59314 | ||
| 700 | |a Yoshioka, Hideyuki, |e editor. |9 59315 | ||
| 700 | |a Sanada, Kazuko, |e editor. |9 59316 | ||
| 700 | |a Shibata, Shunzo. |9 59317 | ||
| 700 | |a Imada, Shigeko. |9 59318 | ||
| 700 | |a Duliwan, Ren. |9 59319 | ||
| 700 | |a Haidar, Maliha Banu, |e translator. |9 59320 | ||
| 700 | |a Shirai, Katsura, |e translator. |9 59321 | ||
| 700 | |a Shirai, Keiko, |e translator. |9 59322 | ||
| 852 | |a Ayesha Abed Library |c General Stacks | ||
| 880 | |6 110-01 |a 国際交流基金編集 | ||
| 880 | |6 245-02 |a 日本語-ベンガル語アプリケーション辞書 | ||
| 942 | |c BK |2 ddc | ||
| 999 | |c 47458 |d 47458 | ||
| 952 | |0 0 |1 0 |2 ddc |4 0 |6 495_639549200000000_JAP |7 1 |9 78183 |a BRACUL |b BRACUL |c REF |d 2025-09-11 |e Hye Trade International |g 948.00 |l 0 |o 495.6395492 JAP |p 3010044777 |r 2025-09-11 |t 4 |v 1896.00 |w 2025-09-11 |y BK |x Requisitioned by Annajiat Alim Rasel (Senior Lecturer, Department of Computer Science and Engineering, BRAC University) for the course named - 'Japanese Language and General for ITEE (JPN 101)' | ||
| 952 | |0 0 |1 0 |2 ddc |4 0 |6 495_639549200000000_JAP |7 0 |9 78184 |a BRACUL |b BRACUL |c NEW |d 2025-09-11 |e Hye Trade International |g 948.00 |l 1 |m 15 |o 495.6395492 JAP |p 3010044774 |q 2026-02-17 |r 2025-10-08 |s 2025-10-08 |t 1 |v 1896.00 |w 2025-09-11 |y BK |x Requisitioned by Annajiat Alim Rasel (Senior Lecturer, Department of Computer Science and Engineering, BRAC University) for the course named - 'Japanese Language and General for ITEE (JPN 101)' | ||
| 952 | |0 0 |1 0 |2 ddc |4 0 |6 495_639549200000000_JAP |7 1 |9 78185 |a BRACUL |b BRACUL |c REF |d 2025-09-11 |e Hye Trade International |g 948.00 |l 0 |o 495.6395492 JAP |p 3010044776 |r 2025-09-11 |t 3 |v 1896.00 |w 2025-09-11 |y BK |x Requisitioned by Annajiat Alim Rasel (Senior Lecturer, Department of Computer Science and Engineering, BRAC University) for the course named - 'Japanese Language and General for ITEE (JPN 101)' | ||
| 952 | |0 0 |1 0 |2 ddc |4 0 |6 495_639549200000000_JAP |7 1 |9 78186 |a BRACUL |b BRACUL |c REF |d 2025-09-11 |e Hye Trade International |g 948.00 |l 0 |o 495.6395492 JAP |p 3010044775 |r 2025-09-11 |t 2 |v 1896.00 |w 2025-09-11 |y BK |x Requisitioned by Annajiat Alim Rasel (Senior Lecturer, Department of Computer Science and Engineering, BRAC University) for the course named - 'Japanese Language and General for ITEE (JPN 101)' | ||